Master plan for rural roads in Karnataka (Record no. 498782)

000 -LEADER
fixed length control field 00364cam a22001097a 4500
008 - FIXED-LENGTH DATA ELEMENTS--GENERAL INFORMATION
fixed length control field 180718b1979 xxu||||| |||| 00| 0 eng d
082 ## - DEWEY DECIMAL CLASSIFICATION NUMBER
Classification number X6x5444 K147
245 ## - TITLE STATEMENT
Title Master plan for rural roads in Karnataka
Statement of responsibility, etc. by Public Works Department, Karnataka
260 ## - PUBLICATION, DISTRIBUTION, ETC.
Place of publication, distribution, etc. Bangalore
Name of publisher, distributor, etc. Public Works Department
Date of publication, distribution, etc. 1979
300 ## - PHYSICAL DESCRIPTION
Extent 114p.
700 ## - ADDED ENTRY--PERSONAL NAME
Personal name Karnataka. Public Works Department
Holdings
Withdrawn status Lost status Damaged status Not for loan Permanent Location Current Location Date acquired Full call number Barcode Date last seen Price effective from Koha item type
        Indian Institute of Public Administration Indian Institute of Public Administration 2018-08-04 X6x5444 K147 GR10384 2018-08-04 2018-08-04 GR

Powered by Koha